Los caballeros corregidores del señorío de Vizcaya (Record no. 112297)

MARC details
000 -LEADER
campo de control de longitud fija 00559nam a2200169 i 4500
001 - NÚMERO DE CONTROL
campo de control 112297
003 - IDENTIFICADOR DE NÚMERO DE CONTROL
campo de control ES-MaACL
005 - FECHA Y HORA DE LA ÚLTIMA TRANSACCIÓN
campo de control 20230906185511.0
007 - CAMPO FIJO DE DESCRIPCIÓN FÍSICA--INFORMACIÓN GENERAL
campo de control de longitud fija t|
008 - DATOS DE LONGITUD FIJA--INFORMACIÓN GENERAL
campo de control de longitud fija 061121s1965 sp r ||||1| spa d
100 1# - ENTRADA PRINCIPAL--NOMBRE DE PERSONA
Nombre de persona Ortega Galindo, Julio.
9 (RLIN) 87457
245 14 - MENCIÓN DEL TÍTULO
Título Los caballeros corregidores del señorío de Vizcaya
Resto del título : (siglos XVII y XVIII) /
Mención de responsabilidad, etc. Julio Ortega Galindo.
260 ## - PUBLICACIÓN, DISTRIBUCIÓN, ETC.
Lugar de publicación, distribución, etc. Bilbao :
Nombre del editor, distribuidor, etc. Arturo Ellacuria,
Fecha de publicación, distribución, etc. 1965.
300 ## - DESCRIPCIÓN FÍSICA
Extensión 403 p., 8 lám. ;
Dimensiones 26 cm.
651 #4 - PUNTO DE ACCESO ADICIONAL DE MATERIA--NOMBRE GEOGRÁFICO
Nombre geográfico Vizcaya-
Subdivisión general Historia-
Subdivisión cronológica S.XVI-XVIII.
9 (RLIN) 142595
852 ## - LOCALIZACIÓN
Ubicación ES-MaACL
Número de control de estantería C-28061
Sublocalización o colección R.57279
Holdings
Estatus retirado Estado de pérdida Estado de daño No para préstamo Biblioteca de origen Biblioteca actual Ubicación en estantería Fecha de adquisición Fuente de adquisición Total de préstamos Signatura topográfica completa Código de barras Visto por última vez Precio de reemplazo Tipo de ítem Koha
        Biblioteca del Ateneo de Madrid Biblioteca del Ateneo de Madrid Depósito 2 17/01/2008     C-28061 1117143 23/02/2023 23/02/2023 Libro impreso